<?xml version="1.0" encoding="UTF-8"?><?xml-stylesheet type="text/xsl" href="static/style.xsl"?><OAI-PMH xmlns="http://www.openarchives.org/OAI/2.0/" xmlns:xsi="http://www.w3.org/2001/XMLSchema-instance" xsi:schemaLocation="http://www.openarchives.org/OAI/2.0/ http://www.openarchives.org/OAI/2.0/OAI-PMH.xsd"><responseDate>2026-04-14T21:08:58Z</responseDate><request verb="GetRecord" identifier="oai:uvadoc.uva.es:10324/36045" metadataPrefix="marc">https://uvadoc.uva.es/oai/request</request><GetRecord><record><header><identifier>oai:uvadoc.uva.es:10324/36045</identifier><datestamp>2021-06-29T23:40:30Z</datestamp><setSpec>com_10324_38</setSpec><setSpec>col_10324_852</setSpec></header><metadata><record xmlns="http://www.loc.gov/MARC21/slim" xmlns:doc="http://www.lyncode.com/xoai" xmlns:xsi="http://www.w3.org/2001/XMLSchema-instance" xmlns:dcterms="http://purl.org/dc/terms/" xsi:schemaLocation="http://www.loc.gov/MARC21/slim http://www.loc.gov/standards/marcxml/schema/MARC21slim.xsd">
<leader>00925njm 22002777a 4500</leader>
<datafield tag="042" ind1=" " ind2=" ">
<subfield code="a">dc</subfield>
</datafield>
<datafield tag="720" ind1=" " ind2=" ">
<subfield code="a">Ruiz Vargas, Ainhoa</subfield>
<subfield code="e">author</subfield>
</datafield>
<datafield tag="260" ind1=" " ind2=" ">
<subfield code="c">2019</subfield>
</datafield>
<datafield tag="520" ind1=" " ind2=" ">
<subfield code="a">Las siguientes páginas encierran el estudio de uno de los modelos de negocio con más éxito en nuestros días, la franquicia. Se analizará su evolución histórica tanto en Estados Unidos como en España, así como el régimen jurídico en cada país, y los puntos que contiene con respecto a los derechos y las obligaciones de las partes del contrato. Además, para mayor practicidad, se estudiará el caso de dos franquicias de éxito, una en Estados Unidos y otra en España, aportando los datos que las caracterizan de manera comparativa y exponiendo las posibles razones de éxito de esos negocios.</subfield>
</datafield>
<datafield tag="520" ind1=" " ind2=" ">
<subfield code="a">The following lines are based on a study about one of the most succesful&#xd;
business model nowadays, the franchise. Its historical evolution is analized,&#xd;
both in the USA and in Spain, as well as the Spanish legal framework and the&#xd;
main items related to the rights and responsibilities of the parts. In addition, for&#xd;
the reader’s convenience, two successful franchises from the USA and Spain&#xd;
will be studied, offering their caracterizing information in a comparative way and&#xd;
explaning the reasons for the success of those businesses.</subfield>
</datafield>
<datafield tag="024" ind2=" " ind1="8">
<subfield code="a">http://uvadoc.uva.es/handle/10324/36045</subfield>
</datafield>
<datafield ind1=" " ind2=" " tag="653">
<subfield code="a">Restaurantes - Valoración</subfield>
</datafield>
<datafield ind1=" " ind2=" " tag="653">
<subfield code="a">Concesiones (Comercio al por menor)</subfield>
</datafield>
<datafield ind1=" " ind2=" " tag="653">
<subfield code="a">Gestión de empresas</subfield>
</datafield>
<datafield tag="245" ind1="0" ind2="0">
<subfield code="a">Estudio comparativo de dos franquicias de éxito en EEUU y en España: Subway vs 100 Montaditos</subfield>
</datafield>
</record></metadata></record></GetRecord></OAI-PMH>